000 00546nam a2200181Ia 4500
003 GCL
008 140319s9999 xx 000 0 aSpa d
040 _aGCL /
_cGCL
082 0 4 _a892.76
_bN H
100 1 _aNAGUIB MAHFOUZ
245 1 0 _aHIJOS DE NUESTRO BARRIO (SPANISH LANGUAGE) /
_cNAGUIB MAHFOUZ
260 _aالقاهرة :
_bTHE AMERICAN UNIVERSITY IN CAIRO PRESS ،
_c1989
300 _a488 P ؛
_c25 cm.
650 0 4 _aARABIC LITERATURE
650 0 4 _aARABIC FICTION
650 0 4 _aARABIC LITERATURE - TRANSLATION
942 _2ddc
_cBK
999 _c18274
_d18274